Neklidné pojistné trhy
Zmeny poistného trhu v Českej republike po roku 2000. Zvrat v cenovej politike a rast poistných sadzieb. Kaptívne poistenie - charakteristika a využitie. Formy kaptívneho poistenia. Kaptívne poisťovne na svetovom trhu.
Gespeichert in:
| 1. Verfasser: | |
|---|---|
| Format: | Buchkapitel |
| Sprache: | Tschechisch |
| Schlagworte: | |
| Tags: |
Keine Tags, Fügen Sie das erste Tag hinzu!
|
MARC
| LEADER | 00000naa$a2200000$$$4500 | ||
|---|---|---|---|
| 001 | 0043616 | ||
| 005 | 20231106123213.1 | ||
| 041 | 0 | |a cze | |
| 044 | |a CZ | ||
| 245 | 1 | 0 | |a Neklidné pojistné trhy |c Jiří Janata |
| 520 | |a Zmeny poistného trhu v Českej republike po roku 2000. Zvrat v cenovej politike a rast poistných sadzieb. Kaptívne poistenie - charakteristika a využitie. Formy kaptívneho poistenia. Kaptívne poisťovne na svetovom trhu. | ||
| 610 | 2 | 0 | |a poistenie |
| 610 | 2 | 0 | |a poistenie neživotné |
| 610 | 2 | 0 | |a poistenie majetku |
| 610 | 2 | 0 | |a poisťovne |
| 610 | 2 | 0 | |a poistné |
| 610 | 2 | 0 | |a firmy |
| 610 | 2 | 0 | |a spoločnosti |
| 610 | 2 | 0 | |a spoločnosti dcérske |
| 610 | 2 | 0 | |a raje daňové |
| 610 | 2 | 0 | |a trh svetový |
| 100 | 1 | |a Janata, Jiří | |